Name the 2012-13 Knicks Roster - Statistics

General Stats
  • This quiz has been taken 3 times
  • The average score is 14 of 19
Answer Stats
Position Name College % Correct
PF Amar'e Stoudemire N/A
100%
PF Carmelo Anthony Syracuse
100%
SG Iman Shumpert Georgia Tech
100%
SG Jason Kidd Cal
100%
SG JR Smith N/A
100%
C Kenyon Martin Cincinnati
100%
PG Pablo Prigioni Argentina
100%
C Rasheed Wallace UNC
100%
PG Raymond Felton UNC
100%
SF Ronnie Brewer Arkansas
100%
SF Steve Novak Marquette
100%
C Tyson Chandler N/A
100%
PF Chris Copeland Colorado
50%
SF James White Cincinnati
50%
PF Kurt Thomas TCU
50%
SF Quentin Richardson DePaul
50%
C Earl Barron Memphis
0%
PF Marcus Camby UMass
0%
PF Solomon Jones USF
0%
No matching quizzes found
Score Distribution
Percent of People with Each Score
Percentile by Number Answered
Your Score History
You have not taken this quiz